|
|
|
|
| LEADER |
00924nam a22002297a 4500 |
| 001 |
AAL7371 |
| 003 |
BD-DhAAL |
| 005 |
20160712122843.0 |
| 008 |
160626s 2008bg ||||| |||| 00| 0 ben d |
| 020 |
|
|
|a 9847012000434
|
| 040 |
|
|
|a BD-DhAAL
|d BD-DhAAL
|
| 082 |
|
|
|a 306/.09549/2
|
| 100 |
|
|
|a জসীম, প্রত্যয়
|9 19829
|
| 245 |
|
|
|a মাওলানা ভাসানী /
|c প্রত্যয় জসীম
|
| 260 |
|
|
|a ঢাকা :
|b কথাপ্রকাশ,
|c ২০০৮
|
| 300 |
|
|
|a ৬৩ পৃ.
|c ২২ সে.মি.
|
| 541 |
|
|
|e 7371
|
| 650 |
|
|
|a ভাসানী, মওলানা - জীবনী
|9 19733
|
| 852 |
|
|
|a Savar Campus Library
|c General Stacks
|
| 942 |
|
|
|2 ddc
|c BK
|
| 999 |
|
|
|c 37652
|d 37652
|
| 952 |
|
|
|0 0
|1 0
|2 ddc
|4 0
|6 306_000000000000000__09549_2_JAS
|7 0
|9 59221
|a SCL
|b SCL
|c GEN
|d 2016-07-12
|g 60.00
|l 4
|o 306.095492 JAS
|p 3020007371
|r 2024-04-03
|s 2024-03-29
|t 1
|w 2016-07-12
|y BK
|